Associative N2-fixation /
Guardado en:
| Autor Corporativo: | |
|---|---|
| Otros Autores: | , |
| Formato: | Libro |
| Idioma: | English |
| Publicado: |
Boca Raton, Fla. :
CRC Press,
c1981.
|
| Etiquetas: |
Agregar Etiqueta
Sin Etiquetas, Sea el primero en etiquetar este registro!
|
| LEADER | 01205cam a2200241 a 4500 | ||
|---|---|---|---|
| 001 | EEA.libagro010030 | ||
| 005 | 20190515105225.0 | ||
| 008 | 800725s1981####flua#####b####101#0#eng## | ||
| 010 | |a 80023809 | ||
| 020 | |a 0849361303 | ||
| 040 | |a DLC |c DLC |d DLC | ||
| 050 | 0 | 0 | |a S651 |b .I55 1979 |
| 082 | 0 | 0 | |a 631.847 |
| 111 | 2 | |a International Workshop on Associative N2-Fixation |d (1979 : |c University of São Paulo) | |
| 245 | 1 | 0 | |a Associative N2-fixation / |c editors, Peter B. Vose, Alaides P. Ruschel. |
| 260 | |a Boca Raton, Fla. : |b CRC Press, |c c1981. | ||
| 300 | |a 2 v. : |b il. ; |c 26 cm. | ||
| 500 | |a "Proceedings of the International Workshop of Associative N2-Fixation, July 2-6, 1979, held at Centro de Energia Nuclear na Agricultura, University of Saõ Paulo, Piracicaba, Brazil, with the cooperation of Programa Fixação Biológica de Nitrogenio (CNPq), EMBRAPA, Serviço Nacional de Levantamento e Conservação de Solos.". | ||
| 504 | |a Incluye referencias bibliográficas e índices. | ||
| 700 | 1 | |a Vose, Peter B. | |
| 700 | 1 | |a Ruschel, Alaides P. | |
| 859 | |a AR-BbBCA |b BIB. AGRONOMIA |h 631.847 |i V961 |p 1988/1051 |v Vol. 1 |3 Vol. 1 | ||
| 859 | |a AR-BbBCA |b BIB. AGRONOMIA |h 631.847 |i V961 |p 1988/1052 |v Vol. 2 |3 Vol. 2 | ||
